| 000 | 00568nam a2200205Ia 4500 | ||
|---|---|---|---|
| 003 | OSt | ||
| 005 | 20230412164240.0 | ||
| 008 | 210423s1989 xx 000 0 und d | ||
| 020 | _a393952452 | ||
| 040 | _cAL | ||
| 041 | _aeng | ||
| 082 |
_a821.1 _223 _b CHAG |
||
| 100 |
_aCHAUCER (Geoffrey). _965174 |
||
| 245 | _aCanterbury tales: nine tales and the general prologue. | ||
| 260 |
_aNew York _bW H Freeman & Co. _c1989 |
||
| 300 |
_axvii,552 _bPB |
||
| 365 |
_b250 _cINR |
||
| 906 | _aCanterbury ; general ; nine ; prologue. ; tales ; tales: | ||
| 942 |
_2ddc _cBK |
||
| 999 |
_c157312 _d157312 |
||